000 00321pam a2200133a 44500
008 230405s2022 xxu||||| |||| 00| 0 eng d
041 _aENG
100 _aDR. S B BHISE / MRS M S BHISE
245 _aPHARMACOLOGY -I (BHISE )
250 _a3
260 _aPUNE
_bNIRALI PRAKASHAN
_c2022
300 _a270
906 _a2652
999 _c268091
_d268091